Nota sobre o ensino das machinas de vapor maritimas em Portugal / (Record no. 54101)

MARC details
000 -LEADER
campo de control de longitud fija 00744nam a22001935i 4500
001 - NÚMERO DE CONTROL
campo de control 54101
003 - IDENTIFICADOR DE NÚMERO DE CONTROL
campo de control ES-MaACL
005 - FECHA Y HORA DE LA ÚLTIMA TRANSACCIÓN
campo de control 20230906162909.0
007 - CAMPO FIJO DE DESCRIPCIÓN FÍSICA--INFORMACIÓN GENERAL
campo de control de longitud fija t|
008 - DATOS DE LONGITUD FIJA--INFORMACIÓN GENERAL
campo de control de longitud fija 960627s1892 po ||||1| por d
040 ## - FUENTE DE CATALOGACIÓN
Centro catalogador/agencia de origen CAM
Lengua de catalogación spa
Centro/agencia transcriptor CAM
100 1# - ENTRADA PRINCIPAL--NOMBRE DE PERSONA
Nombre de persona Gonçalves, Eduardo Augusto Ferrugento.
9 (RLIN) 58220
245 10 - MENCIÓN DEL TÍTULO
Título Nota sobre o ensino das machinas de vapor maritimas em Portugal /
Mención de responsabilidad, etc. por Eduardo Augusto Ferrugento Gonçalves.
260 ## - PUBLICACIÓN, DISTRIBUCIÓN, ETC.
Lugar de publicación, distribución, etc. Lisboa :
Nombre del editor, distribuidor, etc. [s.n.],
Fecha de publicación, distribución, etc. 1892 (
Fabricante Imprensa Nacional)
300 ## - DESCRIPCIÓN FÍSICA
Extensión 24 p. ;
Dimensiones 24 cm.
500 ## - NOTA GENERAL
Nota general Precede al tít.: Congresso Pedagogico Hispano-Portuguez-Americano. Secçâo portugueza.
711 2# - ENTRADA AGREGADA--NOMBRE DE REUNIÓN
Nombre de congreso/reunión o jurisdicción como elemento de entrada Congresso Pedagogico Hispano-Portuguez-Americano (
Fecha del congreso o de la firma del tratado 1892.
Sede del congreso/Lugar de la reunión Lisboa.)
9 (RLIN) 135108
852 ## - LOCALIZACIÓN
Ubicación ES-MaACL
Número de control de estantería T-1120-F-9
Holdings
Estatus retirado Estado de pérdida Estado de daño No para préstamo Colección Biblioteca de origen Biblioteca actual Ubicación en estantería Fecha de adquisición Fuente de adquisición Total de préstamos Signatura topográfica completa Código de barras Visto por última vez Precio de reemplazo Tipo de ítem Koha
        Colección de folletos Biblioteca del Ateneo de Madrid Biblioteca del Ateneo de Madrid Depósito folletos 17/01/2008     T-1120-F-9 1056858 23/02/2023 23/02/2023 Folleto